| 000 | 00562nam a2200193 a 4500 | ||
|---|---|---|---|
| 005 | 20260221063939.0 | ||
| 008 | 991125s1973 mx 000 0 spa u | ||
| 035 | _aUPN01000024462 | ||
| 049 | _aCG | ||
| 050 | 4 |
_aLB19 _bV5.3 1973 |
|
| 100 | 1 |
_aVillalpando Nava, José Manuel, _d1926- _929627 |
|
| 245 | 1 | 0 |
_aFilosofía de la educación / _cJosé Manuel Villalpando. |
| 250 | _a2a ed. | ||
| 260 |
_aMéxico : _bPorrúa, _c1973. |
||
| 300 | _a364 p. | ||
| 650 | 4 |
_aEducación _xFilosofía _94994 |
|
| 650 | 4 |
_aEducación _xFines y objetivos _94837 |
|
| 905 | _aLibro | ||
| 999 |
_c24462 _d24462 |
||